Graduate medical education of foreign medical school graduates in the United States;a position paper on critical issues (Record no. 752)
[ view plain ]
| 000 -LEADER | |
|---|---|
| fixed length control field | 00375nam a2200085Ia 4500 |
| 008 - FIXED-LENGTH DATA ELEMENTS--GENERAL INFORMATION | |
| fixed length control field | 180412s9999||||xx |||||||||||||| ||und|| |
| 040 ## - CATALOGING SOURCE | |
| Original cataloging agency | Ahmadu Bello University Library - Zaria |
| 245 #0 - TITLE STATEMENT | |
| Title | Graduate medical education of foreign medical school graduates in the United States;a position paper on critical issues |
| Statement of responsibility, etc. | Educational commission for foreign medical graduates |
| 260 ## - PUBLICATION, DISTRIBUTION, ETC. | |
| Date of publication, distribution, etc. | 1986 |
| 300 ## - PHYSICAL DESCRIPTION | |
| Extent | 31P.;tables. |
No items available.